Geology of the salt anticline region in southwestern Colorado /

Bibliographic Details
Main Author: Cater, Fred W. (Fred William), 1912-
Corporate Author: U.S. Atomic Energy Commission
Other Authors: Craig, Lawrence C. (Lawrence Carey), 1918-
Format: Government Document Book
Language:English
Published: Washington : U.S. Govt. Print. Off, 1970.
Series:Geological Survey professional paper ; 637.
Subjects:

MARC

Tag First Indicator Second Indicator Subfields
LEADER 00000cam a2200000 4500
001 in00002784828
005 20150922151627.0
008 710325s1970 dcuab b 001 0 eng
010 |a  77607962  
035 |a (OCoLC)ocm00128110 
035 |a (OCoLC)128110 
040 |a DLC  |c DLC  |d IAS  |d OCLCG  |d UtOrBLW 
043 |a n-us-co 
049 |a TXAM 
050 0 4 |a QE75  |b .P9 no. 637 
051 |a QE91  |b .C3  |c Copy 2. 
082 0 4 |a 550/.8 s 
086 0 |a I 19.16:637 
100 1 |a Cater, Fred W.  |q (Fred William),  |d 1912- 
245 1 0 |a Geology of the salt anticline region in southwestern Colorado /  |c by Fred W. Cater. With a section on stratigraphy by Fred W. Cater and Lawrence C. Craig. Prepared on behalf of the U.S. Atomic Energy Commission. 
264 1 |a Washington :  |b U.S. Govt. Print. Off,  |c 1970. 
300 |a iv, 80 pages :  |b illustrations, maps (2 folded color in pocket) ;  |c 29 cm. 
336 |a text  |b txt  |2 rdacontent 
337 |a unmediated  |b n  |2 rdamedia 
338 |a volume  |b nc  |2 rdacarrier 
490 1 |a Geological Survey professional paper 637 
504 |a Bibliography: pages 72-75. 
650 0 |a Geology  |z Colorado. 
650 0 |a Salt deposits  |z Colorado. 
700 1 |a Craig, Lawrence C.  |q (Lawrence Carey),  |d 1918- 
710 2 |a U.S. Atomic Energy Commission. 
830 0 |a Geological Survey professional paper ;  |v 637. 
948 |a cataloged  |b h  |c 2012/11/28  |d c  |e mvaldespin  |f 02:05:44 pm 
994 |a C0  |b TXA 
999 |a MARS 
999 f f |s a3d5f341-399f-3c8f-997f-33ac06966a21  |i 45625a79-368f-3c60-83bb-757817dd9087  |t 0 
952 f f |p normal  |a Texas A&M University  |b College Station  |c Sterling C. Evans Library  |d Evans: US Documents (Annex 5th floor)  |t 0  |e I 19.16:637  |h Superintendent of Documents classification  |i unmediated -- volume  |m A14839369137 
998 f f |a I 19.16:637  |t 0  |l Evans: US Documents (Annex 5th floor)